banner-ar

SUNSET: GOOD COOK S HANDBOOK / (Record no. 16669)

MARC details
000 -الفاتح
حقل البيانات ثابتة الطول 00471nam a2200181Ia 4500
008 - عناصر البيانات ثابتة الطول - معلومات عامة
حقل البيانات ثابتة الطول 140319s9999 xx 000 0 eng d
040 ## - مصدر الفهرسة
وكالة الفهرسة الأصلية GCL /
وكالة النسخ GCL
082 04 - رقم تصنيف ديوى العشرى
رقم التصنيف 641.5
رقم المادة S S
100 1# - المدخل الرئيسى - إسم شخصى
الإسم الشخصى SUNSET BOOKS
245 10 - بيان العنوان
العنوان SUNSET: GOOD COOK S HANDBOOK /
بيان المسئوليه,etc SUNSET BOOKS
700 1# - المدخل الاضافى - اسم شخصى
الإسم الشخصى SUNSET MAGAZINE
260 ## - PUBLICATION, DISTRIBUTION, ETC. (IMPRINT)
تاريخ النشر أو التوزيع 1988
300 ## - الوصف المادى
التعداد 112 PP
650 04 - المدخل الاضافى بالموضوع-مصطلح موضوعى
مصطلح موضوعي تقوية الذاكرة
650 04 - المدخل الاضافى بالموضوع-مصطلح موضوعى
مصطلح موضوعي COOKERY
942 ## - عناصر المدخل الإضافي( كوها)
مصدر التصنيف او مخطط الترفيف Dewey Decimal Classification
Koha [default] item type كتاب
260 ## - PUBLICATION, DISTRIBUTION, ETC. (IMPRINT)
-- [S.N] :
-- LANE PUBLISHING CO. ،
Holdings
حالة التراجع حالة الفقد حالة تلف ليس للاعارة المكان المؤقت الموقع الحالى تاريخ الاكتساب اجمالي اﻻعارات رقم الطلب الباركود تاريخ اخر مشاهدة تاريخ تفعيل السعر نوع وعاء كوها
        مكتبة القاهرة الكبرى مكتبة القاهرة الكبرى 03/26/2014   641.5\S S 30181 03/26/2014 03/26/2014 كتاب

Powered By

EGPV